000
00330nam a2200133Ia 4500
005
20251222143247.0
008
251222s9999||||xx |||||||||||||| ||spa||
020
_a
84-86987-51-2
082
_a
226.6/C28
100
_a
Carrón Pérez, Julián
245
0
_a
Jesús, el Mesías Manifestado:
264
_b
Ciudad Nueva
942
_c
LIB
999
_c
14813
_d
14813